| 000 | 00943nam a2200253 a 4500 | ||
|---|---|---|---|
| 003 | DO-SdBNP | ||
| 005 | 20220725085802.0 | ||
| 007 | ta | ||
| 008 | 220722e2016 dr ao||gr|||| 001 0 spa d | ||
| 020 | _a9789945448238 | ||
| 040 |
_aDO-SdBNP _bspa _cBNPHU |
||
| 082 | 4 |
_222 _bV468c |
|
| 245 |
_aCaracterización mofológicas, química y organoléptica de clones de cacao introducidos a República Dominicana. / _cMarisol Ventura López, Alejandro María Núñez |
||
| 260 |
_aSanto Domingo : _bCONIAF, _c2016 |
||
| 300 |
_aii, 106 p. : _bil., fotogr. ; _c30 cm. |
||
| 504 | _aBibliografía: p. 97 | ||
| 590 | _aInventariado 2022 / MF | ||
| 650 | 4 |
_938547 _aCacao _zRepública Dominicana |
|
| 650 | 4 |
_96513 _aCacao _xCultivo _zRepública Dominicana |
|
| 700 | 1 |
_aNúñez, Alejando María _982083 |
|
| 710 | 1 |
_928727 _aConsejo Nacional de Investigaciones Agropecuarias y Forestales (República Dominicana) |
|
| 910 | _aMFeliz | ||
| 942 |
_2ddc _cLBS1 |
||
| 999 |
_c52224 _d52224 |
||